[Event "GBR-ch86"]
[Site "Scarborough"]
[Date "1999.08.07"]
[Round "6.24"]
[White "Gokhale, Anupama"]
[Black "Hunt, Adam"]
[Result "0-1"]
[WhiteElo "2181"]
[BlackElo "2288"]
[PlyCount "110"]
[EventDate "1999.08.02"]
[EventType "swiss"]
[EventRounds "11"]
[EventCountry "GBR"]

1. d4 Nf6 2. c4 g6 3. Nc3 Bg7 4. e4 d6 5. f4 O-O 6. Nf3 c5 7. d5 e6 8. Be2 exd5
9. cxd5 Re8 10. e5 dxe5 11. fxe5 Ng4 12. Bg5 Qb6 13. Qd2 Nxe5 14. O-O-O Nbd7
15. d6 Nf6 16. Nxe5 Rxe5 17. Bf3 Bg4 18. Rhe1 Bxf3 19. gxf3 Rxe1 20. Rxe1 h6
21. Bf4 Rd8 22. Be5 Qc6 23. f4 Kh7 24. f5 Qf3 25. fxg6+ fxg6 26. Bg3 Rd7 27.
Re7 Qf1+ 28. Kc2 Qf5+ 29. Qd3 Qxd3+ 30. Kxd3 Rxe7 31. dxe7 Kg8 32. Ne4 Kf7 33.
Nd6+ Kxe7 34. Nxb7 Nd7 35. Bf2 Bxb2 36. Nxc5 Nf6 37. h3 Be5 38. h4 Ng4 39. Be1
Kd6 40. Ne4+ Kd5 41. Bb4 Bd4 42. Nc3+ Ke5 43. Ke2 Kf4 44. Nb5 Bg1 45. Nd6 Kg3
46. Be1+ Kh3 47. h5 gxh5 48. Nf5 Bh2 49. Kf3 Be5 50. Ke4 Bf6 51. a4 Kg2 52. a5
Nf2+ 53. Bxf2 Kxf2 54. Nxh6 Bc3 55. a6 h4 0-1

[Event "GBR-ch86"]
[Site "Scarborough"]
[Date "1999.08.07"]
[Round "6.25"]
[White "Haslinger, Stewart"]
[Black "Stephenson, F Norman"]
[Result "1-0"]
[WhiteElo "2267"]
[BlackElo "2212"]
[PlyCount "63"]
[EventDate "1999.08.02"]
[EventType "swiss"]
[EventRounds "11"]
[EventCountry "GBR"]

1. e4 e5 2. Nf3 Nc6 3. d4 exd4 4. Nxd4 Nf6 5. Nxc6 bxc6 6. e5 Qe7 7. Qe2 Nd5 8.
c4 Ba6 9. b3 Qh4 10. a3 Bc5 11. Ra2 Bxf2+ 12. Qxf2 Qe4+ 13. Kd2 Qxb1 14. Rb2
Qe4 15. cxd5 Qxd5+ 16. Kc2 Qe4+ 17. Kd1 Bxf1 18. Rxf1 O-O 19. Qe3 Qd5+ 20. Rd2
Qb5 21. Rf3 Rae8 22. Rxd7 Rxe5 23. Qd3 Qa5 24. Qd2 Qc5 25. Qd4 Qb5 26. Qc4 Rd5+
27. Rxd5 Qxd5+ 28. Qxd5 cxd5 29. Rc3 Rc8 30. Rc6 Kf8 31. Bf4 Rb8 32. Rxc7 1-0

[Event "GBR-ch86"]
[Site "Scarborough"]
[Date "1999.08.07"]
[Round "6.28"]
[White "Farndon, David"]
[Black "Koneru, Humpy"]
[Result "1/2-1/2"]
[WhiteElo "2238"]
[BlackElo "2229"]
[PlyCount "127"]
[EventDate "1999.08.02"]
[EventType "swiss"]
[EventRounds "11"]
[EventCountry "GBR"]

1. c4 Nf6 2. g3 c5 3. Bg2 Nc6 4. Nc3 g6 5. a3 Bg7 6. Rb1 O-O 7. b4 d6 8. d3 e6
9. b5 Ne7 10. Nf3 d5 11. O-O b6 12. d4 Bb7 13. cxd5 Nexd5 14. Nxd5 Bxd5 15.
dxc5 bxc5 16. Bb2 Qa5 17. Qd2 Qa4 18. Qf4 Qxf4 19. gxf4 Ne4 20. Rfc1 f6 21. a4
Rfc8 22. Bc3 Rab8 23. e3 Kf7 24. Ba5 Bf8 25. Nd2 Nxd2 26. Bxd2 f5 27. f3 c4 28.
e4 Bb7 29. Be3 a6 30. Kf2 axb5 31. axb5 Ra8 32. Ra1 Ba3 33. Rd1 Ke7 34. Ra2 c3
35. Rda1 Bb2 36. Rxa8 Rxa8 37. Rxa8 Bxa8 38. Bd4 Kd7 39. Ke2 Bc1 40. Kd3 Bxf4
41. h3 Bd2 42. Bxc3 Bxc3 43. Kxc3 e5 44. Kc4 fxe4 45. fxe4 Kd6 46. Kb4 Bb7 47.
Ka5 Kc5 48. h4 h6 49. Bf3 g5 50. hxg5 hxg5 51. b6 Kd4 52. Kb5 Ke3 53. Bh1 g4
54. Kc5 g3 55. Kd6 Kf4 56. Bg2 Bc8 57. Bh1 Bb7 58. Bg2 Bxe4 59. Bxe4 Kxe4 60.
b7 g2 61. b8=Q g1=Q 62. Qb7+ Kf4 63. Qf7+ Ke4 64. Qb7+ 1/2-1/2

[Event "GBR-ch86"]
[Site "Scarborough"]
[Date "1999.08.07"]
[Round "6.30"]
[White "Dearing, Eddie"]
[Black "Rayner, Francis"]
[Result "1/2-1/2"]
[WhiteElo "2295"]
[BlackElo "2218"]
[PlyCount "80"]
[EventDate "1999.08.02"]
[EventType "swiss"]
[EventRounds "11"]
[EventCountry "GBR"]

1. d4 Nf6 2. c4 e6 3. Nc3 Bb4 4. Qc2 O-O 5. a3 Bxc3+ 6. Qxc3 Ne4 7. Qc2 f5 8.
Nh3 d6 9. f3 Nf6 10. e3 e5 11. dxe5 dxe5 12. Nf2 Nc6 13. Bd2 Qe7 14. O-O-O Be6
15. h3 a5 16. g4 Nd7 17. Bd3 e4 18. fxe4 fxe4 19. Nxe4 Nce5 20. Be2 Nb6 21. h4
Bxc4 22. Ng5 g6 23. Bc3 Bxe2 24. Qxe2 Nec4 25. Rd4 Qxe3+ 26. Qxe3 Nxe3 27. h5
gxh5 28. Rxh5 Rae8 29. Re4 Nbd5 30. Ne6 Nxc3 31. Rxe3 Rf6 32. Rxc3 Rfxe6 33.
Rxc7 Re1+ 34. Kc2 R8e2+ 35. Kb3 Rb1 36. Rg5+ Kf8 37. Rxh7 Rbxb2+ 38. Kc3 Rbc2+
39. Kd3 Rcd2+ 40. Kc3 b6 1/2-1/2

[Event "GBR-ch86"]
[Site "Scarborough"]
[Date "1999.08.07"]
[Round "6.31"]
[White "Mason, Donald"]
[Black "Clarke, Thomas"]
[Result "1-0"]
[WhiteElo "2284"]
[BlackElo "2204"]
[PlyCount "101"]
[EventDate "1999.08.02"]
[EventType "swiss"]
[EventRounds "11"]
[EventCountry "GBR"]

1. e4 e6 2. d4 d5 3. Nd2 Nf6 4. e5 Nfd7 5. c3 c5 6. f4 Nc6 7. Ndf3 Qb6 8. g3
cxd4 9. cxd4 Bb4+ 10. Kf2 f6 11. Be3 fxe5 12. fxe5 O-O 13. a3 Be7 14. b4 a5 15.
b5 Ncxe5 16. dxe5 Bc5 17. Qc1 d4 18. Bf4 d3+ 19. Kg2 Bxg1 20. Rxg1 Qxb5 21. Qc3
Nc5 22. Rd1 b6 23. Bxd3 Qc6 24. Be2 Bb7 25. Rgf1 Qe4 26. Qc4 h6 27. Qxe4 Nxe4
28. Rd7 Nc5 29. Rxb7 Nxb7 30. Rb1 Nc5 31. Rxb6 Rab8 32. Rxb8 Rxb8 33. Nd4 Rb2
34. Kf3 Ra2 35. Nb5 Kf7 36. h4 Ke7 37. Be3 Nd7 38. Bd4 Rc2 39. Bd3 Rd2 40. Ke3
Rg2 41. Kf3 Rd2 42. Be4 Rd1 43. Ke2 Rc1 44. Nc3 Kd8 45. Kd3 Ra1 46. a4 Nb8 47.
Kc4 Kd7 48. Kb5 Rc1 49. Kb6 Kc8 50. Kxa5 Kc7 51. Kb5 1-0

[Event "GBR-ch86"]
[Site "Scarborough"]
[Date "1999.08.07"]
[Round "6.32"]
[White "Tippleston, Charles"]
[Black "Simons, Martin"]
[Result "1/2-1/2"]
[WhiteElo "2171"]
[BlackElo "2264"]
[PlyCount "94"]
[EventDate "1999.08.02"]
[EventType "swiss"]
[EventRounds "11"]
[EventCountry "GBR"]

1. e4 d5 2. exd5 Nf6 3. d4 Bg4 4. Bb5+ Nbd7 5. Be2 Bxe2 6. Qxe2 Nxd5 7. Nf3 g6
8. O-O Bg7 9. Re1 h6 10. c4 N5f6 11. Nc3 O-O 12. Qxe7 Qxe7 13. Rxe7 Rfe8 14.
Rxe8+ Rxe8 15. Bf4 c5 16. Rd1 cxd4 17. Nxd4 Ne4 18. Nce2 Nb6 19. f3 Nc5 20. b3
Nbd7 21. Kf2 Ne5 22. Bxe5 Bxe5 23. Nc3 Kg7 24. Nd5 h5 25. g3 h4 26. f4 hxg3+
27. hxg3 Bxd4+ 28. Rxd4 Rh8 29. Kg2 Re8 30. b4 Na4 31. Rd2 Re4 32. Rc2 Nb6 33.
Nxb6 axb6 34. Kf3 f5 35. a3 Kf6 36. g4 g5 37. fxg5+ Kxg5 38. gxf5 Kxf5 39. c5
Rh4 40. Kg3 Rd4 41. cxb6 Rd3+ 42. Kf2 Rxa3 43. Ke2 Rb3 44. Rc7 Rxb4 45. Rxb7
Ke5 46. Kd3 Kd6 47. Kc3 Kc6 1/2-1/2

[Event "GBR-ch86"]
[Site "Scarborough"]
[Date "1999.08.07"]
[Round "6.33"]
[White "Waters, Clive"]
[Black "Jackson, Oliver"]
[Result "1/2-1/2"]
[WhiteElo "2158"]
[BlackElo "2242"]
[PlyCount "92"]
[EventDate "1999.08.02"]
[EventType "swiss"]
[EventRounds "11"]
[EventCountry "GBR"]

1. Nf3 d6 2. d4 Bg4 3. e4 Nd7 4. Be2 e5 5. d5 Ngf6 6. Nfd2 Bxe2 7. Qxe2 g6 8.
O-O Bg7 9. c4 O-O 10. Nc3 Nh5 11. g3 Qe8 12. Nf3 h6 13. Nb5 Qc8 14. Nh4 a6 15.
Nc3 Nhf6 16. b4 a5 17. Ba3 b6 18. bxa5 Rxa5 19. Bb4 Ra8 20. a4 Nc5 21. Bxc5
dxc5 22. f3 Ne8 23. a5 Rxa5 24. Rxa5 bxa5 25. Qe3 Nd6 26. Qxc5 Qa6 27. Nb5 Nxb5
28. cxb5 Qb6 29. Rc1 a4 30. Qxb6 cxb6 31. Ng2 Ra8 32. d6 Rd8 33. Rc4 Rxd6 34.
Rxa4 Rd1+ 35. Kf2 Rd2+ 36. Kf1 Bf8 37. Ne3 Rxh2 38. Ng4 Rb2 39. Ra8 Kg7 40.
Nxe5 Rxb5 41. Nd7 Bc5 42. e5 Rb3 43. Kg2 Rd3 44. Nf6 Bf8 45. Ne8+ Kh7 46. Nf6+
Kg7 1/2-1/2

[Event "GBR-ch86"]
[Site "Scarborough"]
[Date "1999.08.07"]
[Round "6.34"]
[White "Buckley, David"]
[Black "Lilley, Graham"]
[Result "1/2-1/2"]
[WhiteElo "2163"]
[BlackElo "2235"]
[PlyCount "29"]
[EventDate "1999.08.02"]
[EventType "swiss"]
[EventRounds "11"]
[EventCountry "GBR"]

1. e4 e6 2. Nc3 d5 3. Nf3 Nf6 4. e5 Nfd7 5. d4 c5 6. dxc5 Nc6 7. Bf4 Bxc5 8.
Bd3 f5 9. exf6 Nxf6 10. O-O O-O 11. Ne5 Nxe5 12. Bxe5 Bd7 13. Qe2 Qe8 14. Rfe1
Qh5 15. h3 1/2-1/2

[Event "GBR-ch86"]
[Site "Scarborough"]
[Date "1999.08.07"]
[Round "6.37"]
[White "Storey, Charles H"]
[Black "D'Costa, Lorin"]
[Result "1-0"]
[WhiteElo "2211"]
[BlackElo "2215"]
[PlyCount "61"]
[EventDate "1999.08.02"]
[EventType "swiss"]
[EventRounds "11"]
[EventCountry "GBR"]

1. e4 c5 2. Nf3 d6 3. d4 cxd4 4. Nxd4 Nf6 5. f3 e5 6. Nb3 d5 7. Bg5 Be6 8. Bxf6
gxf6 9. exd5 Qxd5 10. Qxd5 Bxd5 11. Nc3 Bc6 12. O-O-O Nd7 13. Bb5 O-O-O 14.
Bxc6 bxc6 15. Ne4 Kc7 16. g4 h5 17. h3 hxg4 18. hxg4 Bh6+ 19. Kb1 Bf4 20. c3
Rdg8 21. Rhf1 Rg6 22. Rd3 Nb6 23. Nbc5 Rh2 24. Rfd1 a5 25. Rd7+ Nxd7 26. Rxd7+
Kb8 27. Nd6 Be3 28. Rb7+ Ka8 29. Na6 Bb6 30. Rb8+ Ka7 31. Nc8+ 1-0

[Event "GBR-ch86"]
[Site "Scarborough"]
[Date "1999.08.07"]
[Round "6.38"]
[White "Thiruchelvam, Murugan"]
[Black "Aikhoje, Odion"]
[Result "1/2-1/2"]
[WhiteElo "2088"]
[BlackElo "2341"]
[PlyCount "77"]
[EventDate "1999.08.02"]
[EventType "swiss"]
[EventRounds "11"]
[EventCountry "GBR"]

1. e4 Nf6 2. e5 Nd5 3. d4 d6 4. c4 Nb6 5. f4 dxe5 6. fxe5 Nc6 7. Be3 Bf5 8. Nc3
e6 9. Be2 Qd7 10. Nf3 Bg4 11. Qd2 Ne7 12. b3 Nf5 13. Bf2 h5 14. Nh4 Nxh4 15.
Bxh4 Bb4 16. a3 Bxc3 17. Qxc3 Bxe2 18. Kxe2 Nc8 19. Rhf1 Ne7 20. Bxe7 Qxe7 21.
Rf4 O-O-O 22. Kf1 f5 23. exf6 gxf6 24. Kg1 f5 25. Qe3 Qf6 26. Re1 Rd6 27. c5
Ra6 28. b4 Kd7 29. Qf3 Kc8 30. Qe3 Rd8 31. Re2 Rd5 32. Re1 Kd7 33. Re2 b5 34.
Qc3 c6 35. Re5 Ra4 36. Rxd5+ cxd5 37. c6+ Kc7 38. Qc5 Ra6 39. Qxb5 1/2-1/2

[Event "GBR-ch86"]
[Site "Scarborough"]
[Date "1999.08.07"]
[Round "6.39"]
[White "Smith, Andrew Philip"]
[Black "Harris, Costas"]
[Result "1-0"]
[WhiteElo "2275"]
[BlackElo "2065"]
[PlyCount "51"]
[EventDate "1999.08.02"]
[EventType "swiss"]
[EventRounds "11"]
[EventCountry "GBR"]

1. e4 e6 2. d4 d5 3. Nc3 Nf6 4. e5 Nfd7 5. Qh5 c5 6. Nf3 cxd4 7. Nxd4 g6 8. Qg4
Nxe5 9. Qg3 Nbc6 10. Nxc6 Nxc6 11. Bf4 Bg7 12. Bc7 Qf6 13. Bd6 Nd4 14. Bd3 Bd7
15. O-O-O a6 16. Rhe1 Nc6 17. Nxd5 Qxb2+ 18. Kd2 Rc8 19. Bc5 Na5 20. Rb1 Qxa2
21. Qd6 Nc6 22. Rxb7 Qa5+ 23. Ke2 Qd8 24. Kf1 Rg8 25. Bb6 Bf8 26. Nf6+ 1-0

[Event "GBR-ch86"]
[Site "Scarborough"]
[Date "1999.08.07"]
[Round "6.41"]
[White "Sugden, John"]
[Black "Buckley, Melanie"]
[Result "1/2-1/2"]
[WhiteElo "2241"]
[BlackElo "2075"]
[PlyCount "56"]
[EventDate "1999.08.02"]
[EventType "swiss"]
[EventRounds "11"]
[EventCountry "GBR"]

1. d4 e6 2. c4 Nf6 3. Nc3 Bb4 4. a3 Bxc3+ 5. bxc3 b6 6. f3 d5 7. cxd5 exd5 8.
e3 O-O 9. Bd3 Ba6 10. Ne2 Re8 11. O-O c5 12. Bxa6 Nxa6 13. Ng3 Qd7 14. Ra2 Rad8
15. Qd3 Nb8 16. Rd2 Nc6 17. Rdd1 Re7 18. dxc5 bxc5 19. Qb5 c4 20. e4 Ne5 21.
Qxd7 Rexd7 22. Bg5 dxe4 23. Rxd7 Nexd7 24. Nxe4 h6 25. Bxf6 Nxf6 26. Nxf6+ gxf6
27. Rb1 Rd3 28. Rb7 Rxc3 1/2-1/2

[Event "GBR-ch86"]
[Site "Scarborough"]
[Date "1999.08.07"]
[Round "6.42"]
[White "Churm, Rohan"]
[Black "Ledger, Stephen C"]
[Result "1-0"]
[WhiteElo "2168"]
[BlackElo "2162"]
[PlyCount "97"]
[EventDate "1999.08.02"]
[EventType "swiss"]
[EventRounds "11"]
[EventCountry "GBR"]

1. d4 Nf6 2. Nf3 g6 3. g3 Bg7 4. Bg2 O-O 5. O-O d6 6. c4 Nbd7 7. Nc3 c6 8. e4
Re8 9. h3 e5 10. Be3 Qc7 11. Rc1 Nf8 12. Qc2 h6 13. Rfd1 N6h7 14. Qd2 g5 15. h4
g4 16. Ne1 h5 17. Bh6 Ng6 18. Nc2 Bf6 19. b4 b6 20. b5 Bb7 21. bxc6 Bxc6 22.
Nb4 Rac8 23. d5 Bd7 24. Nb5 Bxb5 25. cxb5 Qd7 26. Nc6 Bg7 27. Be3 Rf8 28. a4 f5
29. exf5 Ne7 30. a5 Nxf5 31. axb6 axb6 32. Ra1 Ra8 33. Ra6 Nxe3 34. Qxe3 Nf6
35. Qxb6 e4 36. Qd4 Qf7 37. Rxa8 Rxa8 38. Bxe4 Nxe4 39. Qxe4 Ra2 40. Rf1 Rb2
41. f3 gxf3 42. Rxf3 Rb1+ 43. Kg2 Rb2+ 44. Kh3 Qd7+ 45. Qe6+ Qxe6+ 46. dxe6 Bf8
47. e7 Bxe7 48. Nxe7+ Kg7 49. Rf5 1-0

[Event "GBR-ch86"]
[Site "Scarborough"]
[Date "1999.08.07"]
[Round "6.43"]
[White "Bushill, Michael"]
[Black "Cooper, Andrew G"]
[Result "0-1"]
[WhiteElo "2072"]
[BlackElo "2151"]
[PlyCount "94"]
[EventDate "1999.08.02"]
[EventType "swiss"]
[EventRounds "11"]
[EventCountry "GBR"]

1. e4 e6 2. d4 d5 3. e5 c5 4. c3 Qb6 5. Nf3 Bd7 6. Be2 Bb5 7. c4 Bxc4 8. Bxc4
dxc4 9. d5 Nd7 10. O-O O-O-O 11. Na3 f6 12. Re1 exd5 13. Qxd5 Nxe5 14. Qe4
Nxf3+ 15. Qxf3 Ne7 16. Nxc4 Qc6 17. Qh3+ Kb8 18. Bf4+ Ka8 19. Re6 Qa4 20. Qb3
Qxb3 21. axb3 Nd5 22. Rd1 Be7 23. Rxe7 Nxf4 24. Rdd7 Rxd7 25. Rxd7 Ne6 26. Re7
Rd8 27. g3 Nd4 28. Rxg7 h5 29. h4 b6 30. Rh7 Rd5 31. Rh6 Nxb3 32. Rxf6 Kb7 33.
Rf7+ Ka6 34. f4 Rd3 35. Rg7 Nd4 36. Kf2 Kb5 37. Ne5 Rd2+ 38. Kf1 Rxb2 39. Rxa7
Nf5 40. Rf7 Nxg3+ 41. Ke1 c4 42. Kd1 c3 43. Rc7 Rd2+ 44. Kc1 Kb4 45. Nf3 Ne2+
46. Kb1 Rb2+ 47. Ka1 Kb3 0-1

[Event "GBR-ch86"]
[Site "Scarborough"]
[Date "1999.08.07"]
[Round "6.44"]
[White "McMahon, Paul"]
[Black "Mercs, Peter J"]
[Result "1-0"]
[WhiteElo "2030"]
[BlackElo "2123"]
[PlyCount "97"]
[EventDate "1999.08.02"]
[EventType "swiss"]
[EventRounds "11"]
[EventCountry "GBR"]

1. e4 c5 2. Nf3 d6 3. c3 Nf6 4. Be2 Nc6 5. d4 cxd4 6. cxd4 e6 7. Nc3 Be7 8. O-O
O-O 9. h3 b6 10. Bg5 Bb7 11. a3 h6 12. Be3 Rc8 13. Rc1 Re8 14. Nh2 Na5 15. d5
Nc4 16. Bd4 e5 17. Bxc4 Rxc4 18. Be3 Qc8 19. Nf3 Qd7 20. Nd2 Rc7 21. f4 exf4
22. Bxf4 Nh7 23. Nf3 Bf6 24. Nd4 Ng5 25. Ndb5 Rxc3 26. Nxc3 Nxe4 27. Qd3 Bxc3
28. bxc3 f5 29. Rf3 Qf7 30. c4 b5 31. cxb5 Bxd5 32. Re3 Rd8 33. Qc2 Rd7 34. Rd3
Bb7 35. Qd1 Qg6 36. Rc2 Kh7 37. a4 d5 38. Qc1 Qb6+ 39. Kh2 Qg6 40. Rc7 Qf7 41.
a5 Qe7 42. b6 axb6 43. axb6 Nf2 44. Rdc3 d4 45. Rxd7 Qxd7 46. Rc7 Qd5 47. Rxb7
Qxb7 48. Qc7 Qe4 49. Be5 1-0

[Event "GBR-ch86"]
[Site "Scarborough"]
[Date "1999.08.07"]
[Round "6.45"]
[White "Lim, Chin Lee"]
[Black "Dempsey, Paul"]
[Result "1-0"]
[WhiteElo "2110"]
[BlackElo "2168"]
[PlyCount "105"]
[EventDate "1999.08.02"]
[EventType "swiss"]
[EventRounds "11"]
[EventCountry "GBR"]

1. e4 Nf6 2. Nc3 d5 3. e5 Nfd7 4. Nf3 e6 5. Be2 c5 6. d3 Be7 7. O-O Nc6 8. Bf4
a6 9. Re1 O-O 10. a4 f6 11. exf6 Nxf6 12. Ne5 d4 13. Nxc6 bxc6 14. Nb1 Ne4 15.
Bg3 Nxg3 16. hxg3 Bd6 17. Bf3 Ra7 18. Nd2 Raf7 19. Nc4 Bc7 20. Re2 Qg5 21. Qd2
Qd8 22. Rae1 Rf6 23. Qg5 Qe7 24. Bxc6 h6 25. Qd2 Qf7 26. Be4 Qh5 27. b3 Kh8 28.
a5 Rf4 29. Nb6 Rg4 30. Bf3 Rxf3 31. gxf3 Bb7 32. Re4 Bxe4 33. dxe4 Rg6 34. f4
Qh3 35. e5 h5 36. Qd3 Rg4 37. Qf3 h4 38. Qg2 Qxg2+ 39. Kxg2 hxg3 40. fxg3 Kg8
41. Kf3 Rg6 42. Rh1 Rh6 43. Rxh6 gxh6 44. Kg4 Kg7 45. Na4 c4 46. bxc4 Kg6 47.
Nc5 h5+ 48. Kf3 Kf5 49. Nxa6 Bxa5 50. c5 d3 51. cxd3 h4 52. gxh4 Be1 53. c6 1-0

[Event "GBR-ch86"]
[Site "Scarborough"]
[Date "1999.08.07"]
[Round "6.46"]
[White "Barton, R Alan"]
[Black "Player, Edmund C"]
[Result "1/2-1/2"]
[WhiteElo "2149"]
[BlackElo "2105"]
[PlyCount "116"]
[EventDate "1999.08.02"]
[EventType "swiss"]
[EventRounds "11"]
[EventCountry "GBR"]

1. Nf3 d5 2. d4 Nf6 3. Bf4 e6 4. e3 Bd6 5. Bg3 Bxg3 6. hxg3 Qd6 7. Nbd2 Nbd7 8.
c4 c6 9. Qc2 b6 10. a3 Bb7 11. Be2 Rc8 12. g4 c5 13. g5 Ne4 14. dxc5 Ndxc5 15.
b4 Nxd2 16. Nxd2 Qe5 17. Rc1 Ne4 18. f4 Qc7 19. Nxe4 dxe4 20. Qb2 e5 21. c5 O-O
22. Qxe5 Qxe5 23. fxe5 Rfe8 24. e6 fxe6 25. O-O bxc5 26. bxc5 Bd5 27. Bb5 Re7
28. c6 Rec7 29. Rc5 Rf8 30. Rcc1 Rff7 31. Rxf7 Kxf7 32. Ba4 Ke7 33. Rb1 Kd6 34.
Rd1 Ke5 35. Rc1 Kd6 36. Rd1 Ke5 37. Kh2 g6 38. Rc1 Kd6 39. Rd1 Rc8 40. Kg3 Rc7
41. Rd4 Kc5 42. Rb4 Bxc6 43. Bxc6 Rxc6 44. Rxe4 Kd5 45. Rd4+ Ke5 46. Ra4 a6 47.
Kf3 Kd5 48. e4+ Ke5 49. Ra5+ Kd6 50. Kf4 Rb6 51. g3 Rc6 52. e5+ Kc7 53. Ra4 Kb6
54. Rb4+ Kc7 55. Rd4 Rc5 56. a4 Rc3 57. Kg4 Rc5 58. Kf4 Rc3 1/2-1/2

[Event "GBR-ch86"]
[Site "Scarborough"]
[Date "1999.08.09"]
[Round "7.1"]
[White "Hodgson, Julian M"]
[Black "Lalic, Bogdan"]
[Result "1-0"]
[WhiteElo "2605"]
[BlackElo "2550"]
[PlyCount "139"]
[EventDate "1999.08.02"]
[EventType "swiss"]
[EventRounds "11"]
[EventCountry "GBR"]

1. d4 d5 2. Bg5 h6 3. Bh4 c6 4. Nf3 Qb6 5. Qc1 g5 6. Bg3 g4 7. Ne5 Qxd4 8. c4
Nd7 9. e3 Qc5 10. Nd2 Bg7 11. Nd3 Qb6 12. a4 Nc5 13. cxd5 Nxd3+ 14. Bxd3 Bxb2
15. a5 Qb4 16. Qb1 Nf6 17. Ra4 Qxa4 18. Qxb2 Qxa5 19. d6 Bf5 20. e4 Bxe4 21.
Bxe4 Nxe4 22. O-O Nxg3 23. Qxh8+ Kd7 24. Qxa8 Ne2+ 25. Kh1 Qxd2 26. dxe7 Kxe7
27. Qxb7+ Kf6 28. Qxc6+ Kg7 29. Qe4 h5 30. Qe5+ Kg6 31. f4 gxf3 32. Qe4+ f5 33.
Qc6+ Kg5 34. Qxf3 f4 35. g3 h4 36. gxf4+ Nxf4 37. Rd1 Qa5 38. Rg1+ Kf5 39. Qg4+
Ke4 40. Rf1 Qd2 41. Qf3+ Ke5 42. h3 a5 43. Rf2 Qd4 44. Rf1 Qb4 45. Qe3+ Kf5 46.
Kh2 a4 47. Rf2 Qe4 48. Qxe4+ Kxe4 49. Ra2 Kf5 50. Rxa4 Kg5 51. Ra5+ Kg6 52. Ra1
Kh5 53. Rg1 Ne6 54. Rg4 Ng5 55. Kg2 Ne6 56. Kf3 Ng5+ 57. Kf4 Nxh3+ 58. Kf5 Nf2
59. Rg8 Kh6 60. Rh8+ Kg7 61. Rxh4 Nd3 62. Rd4 Nc5 63. Rc4 Nb3 64. Rc7+ Kf8 65.
Rc3 Nd4+ 66. Ke5 Nb5 67. Rc5 Na3 68. Kd4 Ke7 69. Kd3 Kd6 70. Ra5 1-0

[Event "GBR-ch86"]
[Site "Scarborough"]
[Date "1999.08.09"]
[Round "7.2"]
[White "Wells, Peter K"]
[Black "Gormally, Daniel"]
[Result "1/2-1/2"]
[WhiteElo "2476"]
[BlackElo "2476"]
[PlyCount "89"]
[EventDate "1999.08.02"]
[EventType "swiss"]
[EventRounds "11"]
[EventCountry "GBR"]

1. Nf3 Nf6 2. c4 g6 3. Nc3 d5 4. cxd5 Nxd5 5. Qa4+ Bd7 6. Qh4 Nxc3 7. dxc3 c5
8. e4 Bg7 9. Bh6 Bxh6 10. Qxh6 Qb6 11. O-O-O Bg4 12. Bc4 Bxf3 13. gxf3 Nc6 14.
Qg7 Rf8 15. Qxh7 Ne5 16. Be2 Nd7 17. Qh4 Qe6 18. Rd5 O-O-O 19. Bc4 Qf6 20. Qxf6
Nxf6 21. Rxc5+ Kb8 22. Rd1 Rxd1+ 23. Kxd1 e6 24. Ke2 Rh8 25. a4 b6 26. Rg5 Rxh2
27. Rg1 Nd7 28. Bb5 Nf6 29. Rd1 Rh8 30. c4 e5 31. Rd6 Nh5 32. Rd7 Nf4+ 33. Kd2
a5 34. Rd6 Kc7 35. Rd7+ Kb8 36. Rxf7 Rh2 37. Rf6 Rh1 38. Ke3 Rb1 39. Rxb6+ Kc7
40. c5 Rxb2 41. Rf6 Rc2 42. Rf7+ Kd8 43. c6 Ng2+ 44. Kd3 Ne1+ 45. Ke3 1/2-1/2

[Event "GBR-ch86"]
[Site "Scarborough"]
[Date "1999.08.09"]
[Round "7.5"]
[White "Rowson, Jonathan"]
[Black "Ward, Christopher G"]
[Result "1-0"]
[WhiteElo "2490"]
[BlackElo "2473"]
[PlyCount "97"]
[EventDate "1999.08.02"]
[EventType "swiss"]
[EventRounds "11"]
[EventCountry "GBR"]

1. d4 Nf6 2. c4 e6 3. Nf3 c5 4. d5 d6 5. Nc3 exd5 6. cxd5 g6 7. e4 a6 8. a4 Bg4
9. Be2 Bxf3 10. Bxf3 Bg7 11. O-O Nbd7 12. Bd2 O-O 13. a5 Re8 14. Qb1 h5 15. Ra3
Nh7 16. Bd1 Ne5 17. Be2 Ng4 18. h3 Qh4 19. Bf4 Nxf2 20. Rxf2 Bd4 21. g3 Bxf2+
22. Kxf2 Qxh3 23. Qf1 Qd7 24. Rb3 Qe7 25. Kg2 Rad8 26. Rb6 f6 27. Qb1 Rd7 28.
Bd1 Rc8 29. Ba4 Rdd8 30. e5 dxe5 31. Qxg6+ Kh8 32. Be3 h4 33. g4 Rg8 34. Qf5
Qg7 35. Kh3 Ng5+ 36. Bxg5 fxg5 37. Ne4 Rcf8 38. Nf6 Qg6 39. Bc2 Qxf5 40. Bxf5
Rg7 41. Ne4 Kg8 42. d6 c4 43. d7 Rd8 44. Rxb7 Kf7 45. Rb6 Ke7 46. Re6+ Kf8 47.
Nc5 Rgxd7 48. Nxd7+ Rxd7 49. Rf6+ 1-0

[Event "GBR-ch86"]
[Site "Scarborough"]
[Date "1999.08.09"]
[Round "7.6"]
[White "Emms, John M"]
[Black "Hunt, Harriet"]
[Result "1-0"]
[WhiteElo "2586"]
[BlackElo "2420"]
[PlyCount "55"]
[EventDate "1999.08.02"]
[EventType "swiss"]
[EventRounds "11"]
[EventCountry "GBR"]

1. e4 c6 2. d4 d5 3. Nd2 dxe4 4. Nxe4 Bf5 5. Ng3 Bg6 6. h4 h6 7. Nf3 Nf6 8. Ne5
Bh7 9. Bd3 Bxd3 10. Qxd3 e6 11. Bd2 Nbd7 12. f4 c5 13. O-O-O Be7 14. Qb5 Qc8
15. f5 O-O 16. Nxf7 cxd4 17. fxe6 Nc5 18. Rde1 a6 19. Nf5 Qxe6 20. N7xh6+ gxh6
21. Nxe7+ Qxe7 22. Qc4+ Qf7 23. Qxc5 Qxa2 24. Bxh6 Rf7 25. Re7 Kh7 26. Rxf7+
Qxf7 27. Rf1 Qe6 28. Qxd4 1-0

[Event "GBR-ch86"]
[Site "Scarborough"]
[Date "1999.08.09"]
[Round "7.7"]
[White "Lane, Gary William"]
[Black "Conquest, Stuart"]
[Result "1-0"]
[WhiteElo "2409"]
[BlackElo "2555"]
[PlyCount "71"]
[EventDate "1999.08.02"]
[EventType "swiss"]
[EventRounds "11"]
[EventCountry "GBR"]

1. e4 c6 2. d4 d5 3. Nd2 dxe4 4. Nxe4 Nd7 5. Ng5 Ngf6 6. Bd3 e6 7. N1f3 Bd6 8.
Qe2 h6 9. Ne4 Nxe4 10. Qxe4 Qc7 11. Qg4 Kf8 12. c3 c5 13. O-O b6 14. Re1 Bb7
15. h4 Rd8 16. h5 cxd4 17. cxd4 Nf6 18. Qh3 Qc6 19. Be3 Qd5 20. Ne5 Bxe5 21.
dxe5 Qxd3 22. exf6 gxf6 23. Rac1 Qd7 24. f3 Ke7 25. Qh4 Rhg8 26. Kh1 Qd5 27.
Re2 Qb5 28. Rc7+ Ke8 29. Rf2 Rd5 30. a4 Rd1+ 31. Kh2 Qe5+ 32. Bf4 Qe1 33. Kh3
Rd7 34. Rxd7 Kxd7 35. Rd2+ Ke8 36. Qxe1 1-0

[Event "GBR-ch86"]
[Site "Scarborough"]
[Date "1999.08.09"]
[Round "7.9"]
[White "Heidenfeld, Mark"]
[Black "Kosten, Anthony"]
[Result "1/2-1/2"]
[WhiteElo "2368"]
[BlackElo "2515"]
[PlyCount "77"]
[EventDate "1999.08.02"]
[EventType "swiss"]
[EventRounds "11"]
[EventCountry "GBR"]

1. e4 c5 2. Nf3 d6 3. d4 Nf6 4. Nc3 cxd4 5. Nxd4 a6 6. a4 Nc6 7. Be2 e5 8. Nb3
Be7 9. O-O O-O 10. f4 exf4 11. Bxf4 Be6 12. Kh1 Rc8 13. Nd4 Nxd4 14. Qxd4 Rc6
15. Bd3 Nh5 16. Nd5 Nxf4 17. Rxf4 Bg5 18. Rf3 Bxd5 19. exd5 Rc7 20. Raf1 g6 21.
b4 f5 22. c4 Bf6 23. Qb6 Be5 24. c5 Bd4 25. g4 dxc5 26. gxf5 Rf6 27. Qa5 b6 28.
Qxa6 cxb4 29. Be4 gxf5 30. Rxf5 Rxf5 31. Rxf5 b3 32. Qd3 Qh4 33. Rf1 Be5 34.
Qe2 b2 35. Bxh7+ Kxh7 36. Qxe5 Rc1 37. Qf5+ Kh6 38. Qf8+ Kh7 39. Qf7+ 1/2-1/2

[Event "GBR-ch86"]
[Site "Scarborough"]
[Date "1999.08.09"]
[Round "7.11"]
[White "Knott, Simon"]
[Black "Thipsay, Praveen"]
[Result "1/2-1/2"]
[WhiteElo "2348"]
[BlackElo "2492"]
[PlyCount "69"]
[EventDate "1999.08.02"]
[EventType "swiss"]
[EventRounds "11"]
[EventCountry "GBR"]

1. c4 e5 2. Nc3 Nf6 3. Nf3 Nc6 4. e4 Bb4 5. d3 d6 6. g3 a6 7. Bg2 O-O 8. O-O
Bc5 9. h3 h6 10. Be3 Nd4 11. Bxd4 Bxd4 12. Nxd4 exd4 13. Ne2 c5 14. b4 Rb8 15.
bxc5 dxc5 16. Nf4 b5 17. e5 Nd7 18. e6 Nb6 19. Rb1 bxc4 20. exf7+ Rxf7 21. dxc4
Bb7 22. Bxb7 Rbxb7 23. Qh5 Qg5 24. Qf3 Qf5 25. Qc6 Rfc7 26. Qe6+ Qxe6 27. Nxe6
Rc8 28. Rb3 Kf7 29. Nf4 Rbb8 30. Rfb1 Nd7 31. Nd3 Rxb3 32. Rxb3 Ke6 33. f4 Kd6
34. Kf2 Re8 35. Ra3 1/2-1/2